00616cam a22001457a 4500008004000000020001500040082001500055245023100070260004900301300001000350650004700360700002300407700001800430700002200448180718b2006 xxu||||| |||| 00| 0 eng d a389204905X aD4054 B633 aCultures in globalization: a Europe- India dialogue on global challenges and cultural visions: proceedings of the International Cultural Forum New Delhi, Nov. 2005cedited by Malte C. Boecker, Bibek Debroy and Hans-Georg Wieck aGuterslohbVerlag Bertelsmann Stiftungc2006 a137p. aCulture and globalization --Europe --India aWieck, Hans-George aDebroy, Bibek aBoecker, Malte C.